| 000 | 00486nam a2200169Ia 4500 | ||
|---|---|---|---|
| 999 |
_c7663 _d7663 |
||
| 020 | _a9781412948654 | ||
| 082 | _a361.06 EVA-O | ||
| 100 | _aEvans, Jane | ||
| 245 | 0 | _aOnline counselling and guidance skills: a resource for trainees and practitioner | |
| 260 |
_aLos Angeles _bSage Publications _c2009 |
||
| 300 | _axii, 192 | ||
| 504 | _aincludes index | ||
| 650 |
_aCounseling _vVocational guidance |
||
| 650 | _aOnline counseling | ||
| 650 | _aEducational counseling | ||
| 942 | _cBK | ||